00536nam a2200157 i 4500001000300000100002700003245009900030260002100129040000800150041000800158942000700166008004100173999001700214856009800231952004900329bg1 aZYBLIKIEWICZ, Lidia A. 0aPolityka Stanów Zjednoczonych i Wielkiej Brytanii wobec Polski 1944-1949 /cL. Zyblikiewicz. aWarszawa,c1984. cBPK apol cKS s pl f |000 0 pol  c22688d22688 uhttp://koha.tu.koszalin.pl/cgi-bin/koha/opac-detail.pl?biblionumber=22688yKatalog online BPK 00104070aBPKbBPKcwo31900p01106381yKS